000 00445nmm a2200169Ia 4500
008 251105s9999||||xx |||||||||||||||||und||
020 _a9788496357716
041 _aspa
100 _aBrown, Mara Lea.
245 0 _aSoleá
264 _a[Madrid, España] :
_bCarena Editores,
_c2007
300 _a208 páginas
490 _aNarrativas
650 _aSpanish narrative
856 _uhttps://public.digitaliapublishing.com/a/830
942 _cCF
999 _c89856
_d89856